La fenomenología de Husserl como utopía de la razón / Javier San Martín Sala

Gardado en:
Detalles Bibliográficos
Autor Principal: San Martín Sala, Javier
Formato: Libro
Idioma:Undetermined
Publicado: Barcelona, España Anthropos 1987
Materias:
Etiquetas: Engadir etiqueta
Sen Etiquetas, Sexa o primeiro en etiquetar este rexistro!

MARC

LEADER 00000nam a2200000Ia 4500
008 170316s9999 xx 000 0 und d
090 |a 100 S-8.2f 
100 |a San Martín Sala, Javier 
245 |a La fenomenología de Husserl como utopía de la razón / Javier San Martín Sala 
260 |a Barcelona, España 
260 |b Anthropos 
260 |c 1987 
300 |a 206 páginas 
650 |a FILOSOFÍA 
650 |a FILOSOFÍA DE LAS CIENCIAS HUMANAS 
650 |a FENOMENOLOGÍA 
650 |a INTERSUBJETIVIDAD 
650 |a APUNTES AUTOBIOGRÁFICOSY AUTOCRÍTICOS 
650 |a APRIORI DE CORRELACIÓN INTENCIONAL 
650 |a GRUNDPROBLEMEVERLESUNG 
650 |a ERRORES A EVITAR 
650 |a REDUCCIÓN 
650 |a CUERPO E INTERSUBJETIVIDAD 
650 |a INTENCIÓN FUNDAMENTAL DE LA FENOMENOLOGÍA 
999 |c 17726  |d 17726 
040 |a cru BVZT 
942 |c 15 D  |h 100 S-8.2f  |2 z